| 000 | 00772nam a2200181 a 4500 | ||
|---|---|---|---|
| 008 | 060711s1993 ||||||||||||||||| || u | ||
| 050 | _aZED(02) | ||
| 100 | _aOrnager, Susanne | ||
| 245 | 1 | 0 |
_aSupplement to CDS/ISIS reference manual _cby Susanne Ornager |
| 246 | _aCDS/ISIS version 3.0 | ||
| 260 |
_aBonn _bEducation, Science and Documentation Centre(ZED) _c1993 |
||
| 300 | _aii;136p.; ill. | ||
| 350 | _a0.00 | ||
| 500 | _aincorporating a beginners guide to CDS/ISIS | ||
| 650 | _aINFORMATION STORAGE AND RETRIEVAL SYSTEMS--GEOGRAPHY | ||
| 650 | _aIntegrated library systems (Computer systems) | ||
| 995 |
_D0.00 _FCBU-MAIN LIBRARY (Kitwe) _H1 _I0.00 _M1 _UAVAILABLE _WJul 11, 2006 _ZInternational Publications |
||
| 999 |
_c59121 _d59121 |
||